<?xml version="1.0" encoding="UTF-8"?>
<record
    xmlns:xsi="http://www.w3.org/2001/XMLSchema-instance"
    xsi:schemaLocation="http://www.loc.gov/MARC21/slim http://www.loc.gov/standards/marcxml/schema/MARC21slim.xsd"
    xmlns="http://www.loc.gov/MARC21/slim">

  <leader>00718nam a22001937a 4500</leader>
  <datafield tag="999" ind1=" " ind2=" ">
    <subfield code="c">192792</subfield>
    <subfield code="d">192792</subfield>
  </datafield>
  <controlfield tag="005">20221007171756.0</controlfield>
  <datafield tag="010" ind1=" " ind2=" ">
    <subfield code="a">RP     B-745766</subfield>
  </datafield>
  <datafield tag="020" ind1=" " ind2=" ">
    <subfield code="c">599.00</subfield>
    <subfield code="a">9789388302692</subfield>
  </datafield>
  <datafield tag="035" ind1=" " ind2=" ">
    <subfield code="a">B-745766</subfield>
  </datafield>
  <datafield tag="037" ind1=" " ind2=" ">
    <subfield code="b">Hay House Publishers India</subfield>
  </datafield>
  <datafield tag="082" ind1=" " ind2=" ">
    <subfield code="a">158.1</subfield>
  </datafield>
  <datafield tag="100" ind1=" " ind2=" ">
    <subfield code="a">King, Vex</subfield>
  </datafield>
  <datafield tag="245" ind1=" " ind2=" ">
    <subfield code="a">Healing Is The New High /</subfield>
    <subfield code="b">Vex King</subfield>
  </datafield>
  <datafield tag="260" ind1=" " ind2=" ">
    <subfield code="a">New Delhi</subfield>
    <subfield code="b">Hay House Publishers India</subfield>
  </datafield>
  <datafield tag="270" ind1=" " ind2=" ">
    <subfield code="a">Muskaan Complex, Plot No.3, B-2Vasant Kunj, </subfield>
    <subfield code="b">New Delhi</subfield>
    <subfield code="e">110070</subfield>
  </datafield>
  <datafield tag="300" ind1=" " ind2=" ">
    <subfield code="a">283p.</subfield>
    <subfield code="c">18cm(pbk)</subfield>
  </datafield>
  <datafield tag="942" ind1=" " ind2=" ">
    <subfield code="2">ddc</subfield>
    <subfield code="c">EN</subfield>
    <subfield code="m">KIN</subfield>
    <subfield code="h">158.1</subfield>
  </datafield>
  <datafield tag="952" ind1=" " ind2=" ">
    <subfield code="0">0</subfield>
    <subfield code="1">0</subfield>
    <subfield code="4">0</subfield>
    <subfield code="7">0</subfield>
    <subfield code="8">NFIC</subfield>
    <subfield code="a">L</subfield>
    <subfield code="b">L</subfield>
    <subfield code="d">2022-10-07</subfield>
    <subfield code="e">Pansy Books/RP/120/12.9.22/103/12.9.22/23.9.22</subfield>
    <subfield code="g">599.00</subfield>
    <subfield code="l">9</subfield>
    <subfield code="m">1</subfield>
    <subfield code="o">158.1 KIN</subfield>
    <subfield code="p">B-745766</subfield>
    <subfield code="q">2023-07-01</subfield>
    <subfield code="r">2023-06-17 00:00:00</subfield>
    <subfield code="s">2023-06-17</subfield>
    <subfield code="t">1</subfield>
    <subfield code="v">599.00</subfield>
    <subfield code="y">EN</subfield>
  </datafield>
</record>
